History Quiz

Random History or French Quiz

Spot the French Presidents Quiz Stats

 Plays Quiz Updated May 29, 2019

Score 0/8 Timer 04:00
5 Plays Today
% Correct
Nicolas Sarkozy
2007-2012
91.5%
Emmanuel Macron
2017-(incumbent)
89.6%
François Hollande
2012-2017
82.5%
Jacques Chirac
1995-2007
81.1%
Charles de Gaulle
1959-1969
80.7%
François Mitterrand
1981-1995
79.1%
Valéry Giscard d'Estaing
1974-1981
71.3%
Georges Pompidou
1969-1974
61.3%

You're not logged in!

Compare scores with friends on all Sporcle quizzes.
OR
Log In

Sporcle TV

Today on Sporcle TV


Watch our educational content, quiz creation guides, and fun videos on Sporcle TV.

Show Comments

Extras

Top Quizzes Today


Score Distribution

Your Account Isn't Verified!

In order to create a playlist on Sporcle, you need to verify the email address you used during registration. Go to your Sporcle Settings to finish the process.

Report this User

Report this user for behavior that violates our Community Guidelines.

Details: